DEMOSTRACION DEL VASTISIMO OBISPADO DE LA NUEVA VIZCAYA - 1765: DURANGO, SINALOA, SONORA, ARIZONA, NUEVO MEXICO, CHIHUAHUA, Y PORCIONES DE TEJAS, COAHUILA Y ZACATECAS/
INCLUYE BIBLIOGRAFIA E INDICES
Gardado en:
| Autor Principal: | |
|---|---|
| Formato: | Libro |
| Series: | BIBLIOTECA HISTORICA MEXICANA;
7 |
| Temas: | |
| Etiquetas: |
Sen Etiquetas, Sexa o primeiro en etiquetar este rexistro!
|
MARC
| LEADER | 00000nam^a2200000^a^4500 | ||
|---|---|---|---|
| 001 | 000215390 | ||
| 005 | 20250521000000.0 | ||
| 009 | 20260310103625.214 | ||
| 035 | |a 040095 | ||
| 037 | |a Acervo Xavier Clavigero | ||
| 082 | |a 262. 3 TAM | ||
| 100 | |a Tamarón y Romeral, Pedro |e (autor) | ||
| 245 | 1 | 0 | |a DEMOSTRACION DEL VASTISIMO OBISPADO DE LA NUEVA VIZCAYA - 1765: |b DURANGO, SINALOA, SONORA, ARIZONA, NUEVO MEXICO, CHIHUAHUA, Y PORCIONES DE TEJAS, COAHUILA Y ZACATECAS/ |c PEDRO TAMARON Y ROMERAL |
| 264 | |a MEXICO : |b LIBRERIA ROBREDO, |c 1937 | ||
| 300 | |a XVIII, 464p. : |b maps. | ||
| 336 | |a texto |b txt |2 rdacontenido | ||
| 337 | |a sin mediación |b n |2 rdamedio | ||
| 338 | |a volumen |b nc |2 rdasoporte | ||
| 440 | |a BIBLIOTECA HISTORICA MEXICANA; |v 7 | ||
| 520 | |a INCLUYE BIBLIOGRAFIA E INDICES | ||
| 520 | |a MEXICO - IGLESIA - HISTORIA | ||
| 649 | |a XX | ||
| 650 | |a Diócesis | ||
| 910 | |a Fondo General | ||
| 920 | |a Impresos - Libros | ||
| 930 | |a Colección General | ||
| 905 | |a 101 | ||
| 901 | |a 040095 |b IT1 |c ACC |i 040095 |u 20250521 | ||
| 902 | |a https://opac.biblio.iteso.mx/vufind/Record/000215390 | ||